000 00272nam a22001097a 4500
008 170112b xxu||||| |||| 00| 0 eng d
020 _a9780721687629
041 _aeng
080 _24TH
_a618.2
245 _aMEDICAL-SURGICAL NURSING
_cIGNATAVICIUS & WORKMAN
942 _2udc
_cBK
999 _c2754
_d2754